Salud y enfermedad /
Guardado en:
| Autor Principal: | |
|---|---|
| Otros Autores: | |
| Formato: | Libro |
| Publicado: |
México :
Life,
1970
|
| Materias: | |
| Etiquetas: |
Agregar Etiqueta
Sin Etiquetas, Sea el primero en etiquetar este registro!
|
| LEADER | 00858nam a22002175a 4500 | ||
|---|---|---|---|
| 001 | CEM.cems002155 | ||
| 005 | 20060216000000.0 | ||
| 008 | 130507s1970##################000#0#####d | ||
| 003 | CEMS | ||
| 082 | 0 | 4 | |a 616.01 |
| 100 | 1 | |a Dubos, Rene | |
| 245 | 1 | 0 | |a Salud y enfermedad / |
| 260 | |a México : |b Life, |c 1970 | ||
| 300 | |a 199 p. | ||
| 505 | 0 | |a Factores b sicos de la producci¢n.-Cereales, legumbres y cultivos especiales.-Hortalizas.-Frutales.-Plagas de la agricultura.-Calendario agr¡cola.-Ganado vacuno,lanar y caprino.-Animales pel¡feros.-Enfermedades m s comunes de los bovinos.-Ganado equino.-Enfermedades del perro. -Industrias de granja.- Calendario pecuario.- | |
| 653 | |a Contaminacion | ||
| 653 | |a Enfermedad | ||
| 653 | |a Medicina | ||
| 653 | |a Microbios | ||
| 700 | 1 | |a Pines, Maya | |
| 859 | |a CEMS |b BIB. CEMS - 11 de abril |h 616.01 |i D852 |p 2802.74 |t Ej.1 | ||
